Cats & dogs. (Record no. 134402)

MARC details
000 -LEADER
fixed length control field 03413cgm a2200613 a 4500
001 - CONTROL NUMBER
control field vtls003215165
003 - CONTROL NUMBER IDENTIFIER
control field MY-SjTCS
005 - DATE AND TIME OF LATEST TRANSACTION
control field 20200226114542.0
007 - PHYSICAL DESCRIPTION FIXED FIELD--GENERAL INFORMATION
fixed length control field vd cvairu
008 - FIXED-LENGTH DATA ELEMENTS--GENERAL INFORMATION
fixed length control field 110106s2010 cau082 00 v|eng d
039 #9 - LEVEL OF BIBLIOGRAPHIC CONTROL AND CODING DETAIL [OBSOLETE]
Level of rules in bibliographic description 201101121113
Level of effort used to assign nonsubject heading access points shuhada
Level of effort used to assign subject headings 201101121024
Level of effort used to assign classification shuhada
Level of effort used to assign subject headings 201101111755
Level of effort used to assign classification shuhada
Level of effort used to assign subject headings 201101061334
Level of effort used to assign classification malathy
-- 201101061333
-- malathy
041 ## - LANGUAGE CODE
Language code of text/sound track or separate title eng
-- chi
-- tha
Language code of summary or abstract eng
-- chi
-- tha
-- kor
082 04 - DEWEY DECIMAL CLASSIFICATION NUMBER
Classification number 791.4372
Item number CAT 2010
245 00 - TITLE STATEMENT
Title Cats & dogs.
Medium [videorecording] :
Remainder of title the revenge of Kitty Galore /
Statement of responsibility, etc. Warner Bros. Pictures presents in association with Village Roadshow Pictures ; written by Ron J. Friedman & Steve Bencich ; produced by Andrew Lazar, Polly Johnsen ; directed by Brad Peyton.
246 3# - VARYING FORM OF TITLE
Title proper/short title Cats and dogs
246 3# - VARYING FORM OF TITLE
Title proper/short title Revenge of Kitty Galore
260 ## - PUBLICATION, DISTRIBUTION, ETC.
Place of publication, distribution, etc. Burbank, CA :
Name of publisher, distributor, etc. Warner Home Video,
Date of publication, distribution, etc. c2010
300 ## - PHYSICAL DESCRIPTION
Extent 1 videodisc (82 min.) :
Other physical details sd., col. ;
Dimensions 4 3/4 in.
500 ## - GENERAL NOTE
General note Originally produced as a motion picture in 2001.
500 ## - GENERAL NOTE
General note For special features see interactive menu.
508 ## - CREATION/PRODUCTION CREDITS NOTE
Creation/production credits note Director of photography, Julio Macat ; editors, Michael A. Stevenson, Rick W. Finney ; music, John Debney ; production designer, James Bissell ; anamatronic effects supervisor, David Barclay ; visual effects supervisor, Ed Jones ; executive producers, Bruce Berman, Chris Bender, J.C. Spink.
511 1# - PARTICIPANT OR PERFORMER NOTE
Participant or performer note Jeff Goldblum, Elizabeth Perkins, Miriam Margolyes, Alexander Pollock; with the voice talents of Tobey Maguire, Alec Baldwin, Sean Hayes, Susan Sarandon, Joe Pantoliano, Michael Clarke Duncan, Jon Lovitz.
520 ## - SUMMARY, ETC.
Summary, etc. In the eternal battle between cats and dogs, one crazed feline has taken things a paw too far. Former elite agent Kitty Galore has gone rogue and plans to unleash a diabolical device designed to not only bring her canine enemies to heel but also to take down her former kitty comrades and make the world her scratching post. Faced with this dire threat, cats and dogs must work together for the first time ever to save themselves and their beloved humans from global cat-astrophe.
521 8# - TARGET AUDIENCE NOTE
Target audience note Rating: PG; for animal action and humor.
538 ## - SYSTEM DETAILS NOTE
System details note DVD; region 3; widescreen format; Dolby digital.
546 ## - LANGUAGE NOTE
Language note In English, Chinese (Mandarin or Cantonese) or Thai with optional subtitles in English, traditional Chinese, Thai or Korean.
650 #0 - SUBJECT ADDED ENTRY--TOPICAL TERM
Topical term or geographic name entry element Dogs
Form subdivision Drama.
9 (RLIN) 49762
650 #0 - SUBJECT ADDED ENTRY--TOPICAL TERM
Topical term or geographic name entry element Cats
Form subdivision Drama.
700 1# - ADDED ENTRY--PERSONAL NAME
Personal name Lazar, Andrew.
9 (RLIN) 49763
700 1# - ADDED ENTRY--PERSONAL NAME
Personal name DeFaria, Chris.
700 1# - ADDED ENTRY--PERSONAL NAME
Personal name Zide, Warren,
Dates associated with a name 1966-
700 1# - ADDED ENTRY--PERSONAL NAME
Personal name Perry, Craig.
9 (RLIN) 49764
700 1# - ADDED ENTRY--PERSONAL NAME
Personal name Requa, John.
9 (RLIN) 49765
700 1# - ADDED ENTRY--PERSONAL NAME
Personal name Ficarra, Glenn.
9 (RLIN) 49766
700 1# - ADDED ENTRY--PERSONAL NAME
Personal name Guterman, Lawrence.
9 (RLIN) 49767
700 1# - ADDED ENTRY--PERSONAL NAME
Personal name Goldblum, Jeff,
Dates associated with a name 1952-
9 (RLIN) 49768
700 1# - ADDED ENTRY--PERSONAL NAME
Personal name Perkins, Elizabeth,
Dates associated with a name 1960-
9 (RLIN) 49769
700 1# - ADDED ENTRY--PERSONAL NAME
Personal name Pollock, Alexander.
9 (RLIN) 49770
700 1# - ADDED ENTRY--PERSONAL NAME
Personal name Margolyes, Miriam.
9 (RLIN) 49771
700 1# - ADDED ENTRY--PERSONAL NAME
Personal name Maguire, Tobey,
Dates associated with a name 1975-
9 (RLIN) 49772
700 1# - ADDED ENTRY--PERSONAL NAME
Personal name Baldwin, Alec,
Dates associated with a name 1958-
9 (RLIN) 49773
700 1# - ADDED ENTRY--PERSONAL NAME
Personal name Hayes, Sean,
Dates associated with a name 1970-
9 (RLIN) 49774
700 1# - ADDED ENTRY--PERSONAL NAME
Personal name Sarandon, Susan,
Dates associated with a name 1946-
9 (RLIN) 49775
700 1# - ADDED ENTRY--PERSONAL NAME
Personal name Pantoliano, Joe.
9 (RLIN) 49776
700 1# - ADDED ENTRY--PERSONAL NAME
Personal name Duncan, Michael Clarke.
9 (RLIN) 49777
700 1# - ADDED ENTRY--PERSONAL NAME
Personal name Lovitz, Jon.
9 (RLIN) 49778
700 1# - ADDED ENTRY--PERSONAL NAME
Personal name Debney, John.
9 (RLIN) 49779
710 2# - ADDED ENTRY--CORPORATE NAME
Corporate name or jurisdiction name as entry element Warner Bros. Pictures (1969- )
9 (RLIN) 29935
710 2# - ADDED ENTRY--CORPORATE NAME
Corporate name or jurisdiction name as entry element Village Roadshow Pictures.
9 (RLIN) 49780
710 2# - ADDED ENTRY--CORPORATE NAME
Corporate name or jurisdiction name as entry element NPV Entertainment (Firm)
9 (RLIN) 17222
710 2# - ADDED ENTRY--CORPORATE NAME
Corporate name or jurisdiction name as entry element Mad Chance (Firm)
9 (RLIN) 49781
710 2# - ADDED ENTRY--CORPORATE NAME
Corporate name or jurisdiction name as entry element Warner Home Video (Firm)
9 (RLIN) 13225
920 ## - Programme
Programme GENLS :
Holdings
Withdrawn status Lost status Source of classification or shelving scheme Damaged status Not for loan Home library Current library Date acquired Cost, normal purchase price Serial Enumeration / chronology Total Checkouts Barcode Date last seen Date last checked out Copy number Cost, replacement price Koha item type Public note
  Missing Stock take Dewey Decimal Classification     Taylor's Library-TU Taylor's Library-TU 10/01/2011 59.90 DVD 13 1000524419 05/12/2019 13/03/2012 1 59.90 Media Resources GENLS,GENLS,01,GR